[Event "European Online Club-ch-A 2021"]
[Site "Online"]
[Date "2021.03.27"]
[Round "4.9"]
[White "Finek, Vaclav"]
[Black "Jakubowski, Krzysztof"]
[Result "1/2-1/2"]
[WhiteElo "2361"]
[BlackElo "2497"]
[Annotator "ChessBase"]
[PlyCount "80"]
[EventDate "2021.03.27"]
[EventType "team-tourn"]
[EventCountry "NET"]
[SourceTitle "playchess.com"]
[Source "ChessBase"]
[SourceQuality "1"]
[TimeControl "900+5"]

1. d4 {[%emt 0:00:00]} Nf6 {[%emt 0:00:08]} 2. c4 {[%emt 0:00:03]} e6 {[%emt 0:00:03]} 3. Nf3 {[%emt 0:00:02]} d5 {[%emt 0:00:03]} 4. Nc3 {[%emt 0:00:03]} Bb4 {[%emt 0:00:03]} 5. e3 {[%emt 0:00:12]} O-O {[%emt 0:00:05]} 6. Be2 {[%emt 0:00:05]} dxc4 {[%emt 0:00:15]} 7. Bxc4 {[%emt 0:00:05]} c5 {[%emt 0:00:05]} 8. O-O {[%emt 0:00:10]} Nc6 {[%emt 0:00:05]} 9. a3 {[%emt 0:01:02]} Bxc3 {[%emt 0:00:14]} 10. bxc3 {[%emt 0:00:02]} Qc7 {[%emt 0:00:07]} 11. Bd3 {[%emt 0:00:16]} e5 {[%emt 0:01:24]} 12. dxe5 {[%emt 0:01:17]} Nxe5 {[%emt 0:00:19]} 13. Be2 {[%emt 0:00:10]} Bf5 {[%emt 0:01:06]} 14. Qa4 {[%emt 0:01:04]} Be4 {[%emt 0:01:05]} 15. Bb2 {[%emt 0:01:54]} b5 {[%emt 0:01:11]} 16. Qb3 {[%emt 0:00:55]} c4 {[%emt 0:00:34]} 17. Qa2 {[%emt 0:00:04]} Nxf3+ {[%emt 0:00:58]} 18. gxf3 {[%emt 0:00:10]} Bc2 {[%emt 0:00:56]} 19. Bc1 {[%emt 0:00:29]} Bb3 {[%emt 0:00:14]} 20. Qb1 {[%emt 0:00:18]} Qe5 {[%emt 0:00:51]} 21. e4 {[%emt 0:01:12]} Rfd8 {[%emt 0:00:52]} 22. Be3 {[%emt 0:00:23]} Qxc3 {[%emt 0:00:10]} 23. Qc1 {[%emt 0:01:05]} Qxc1 {[%emt 0:01:34]} 24. Rfxc1 {[%emt 0:00:04]} Nd7 {[%emt 0:00:05]} 25. f4 {[%emt 0:00:20]} Nb6 {[%emt 0:00:31]} 26. Bf3 {[%emt 0:00:48]} g6 {[%emt 0:00:50]} 27. h4 {[%emt 0:00:13]} Rab8 {[%emt 0:00:30]} 28. h5 {[%emt 0:01:17]} a5 {[%emt 0:00:03]} 29. Be2 {[%emt 0:00:29]} Na4 {[%emt 0:00:06]} 30. Rab1 {[%emt 0:00:33]} Rb7 {[%emt 0:00:24]} 31. hxg6 {[%emt 0:00:17]} hxg6 {[%emt 0:00:03]} 32. Kg2 {[%emt 0:00:16]} Rbd7 {[%emt 0:00:26]} 33. f3 {[%emt 0:00:48]} Rd2 {[%emt 0:00:23]} 34. Bxd2 {[%emt 0:00:08]} Rxd2 {[%emt 0:00:01]} 35. Kf1 {[%emt 0:00:01]} Kf8 {[%emt 0:00:48]} 36. Ke1 {[%emt 0:00:07]} Ra2 {[%emt 0:00:05]} 37. Ra1 {[%emt 0:00:03]} Rb2 {[%emt 0:00:09]} 38. Rab1 {[%emt 0:00:03]} Ra2 {[%emt 0:00:19]} 39. Ra1 {[%emt 0:00:04]} Rb2 {[%emt 0:00:06]} 40. Rab1 {[%emt 0:00:05]} Ra2 {[%emt 0:00:27]} 1/2-1/2

[Event "European Online Club-ch-A 2021"]
[Site "Online"]
[Date "2021.03.27"]
[Round "4.10"]
[White "Schmidek, Emil"]
[Black "Nemec, Jachym"]
[Result "1-0"]
[WhiteElo "2402"]
[BlackElo "2229"]
[Annotator "NA"]
[PlyCount "73"]
[EventDate "2021.03.27"]
[EventType "team-tourn"]
[EventCountry "NET"]
[SourceTitle "playchess.com"]
[Source "ChessBase"]
[SourceQuality "1"]
[TimeControl "900+5"]

1. d4 {[%emt 0:00:00]} Nf6 {[%emt 0:00:03]} 2. c4 {[%emt 0:00:04]} g6 {[%emt 0:00:02]} 3. Nc3 {[%emt 0:00:05]} d5 {[%emt 0:00:02]} 4. cxd5 {[%emt 0:00:02]} Nxd5 {[%emt 0:00:02]} 5. e4 {[%emt 0:00:00]} Nxc3 {[%emt 0:00:02]} 6. bxc3 {[%emt 0:00:00]} Bg7 {[%emt 0:00:02]} 7. Ba3 {[%emt 0:00:02]} O-O {[%emt 0:00:13]} 8. Nf3 {[%emt 0:00:03]} b6 {[%emt 0:00:24]} 9. Bd3 {[%emt 0:00:02]} c5 {[%emt 0:00:11]} 10. O-O {[%emt 0:00:02]} Bb7 {[%emt 0:00:48]} 11. Re1 {[%emt 0:00:25]} Nd7 {[%emt 0:00:04]} 12. e5 {[%emt 0:00:14]} e6 {[%emt 0:00:16]} 13. Qe2 {[%emt 0:00:36]} Qc7 {[%emt 0:00:20]} 14. Rac1 {[%emt 0:00:07]} Rfd8 {[%emt 0:00:04]} 15. Ng5 {[%emt 0:01:30]} Bf8 {[%emt 0:00:47]} 16. Be4 {[%emt 0:00:48]} Bh6 {[%emt 0:01:40]} 17. h4 {[%emt 0:01:53]} Bxe4 {[%emt 0:00:58]} 18. Qxe4 {[%emt 0:00:07]} Rac8 {[%emt 0:00:09]} 19. Qf3 {[%emt 0:00:26]} Bxg5 {[%emt 0:00:06]} 20. hxg5 {[%emt 0:00:05]} Qc6 {[%emt 0:00:18]} 21. Qf4 {[%emt 0:00:24]} Qa4 {[%emt 0:00:20]} 22. Bb2 {[%emt 0:00:13]} Qxa2 {[%emt 0:00:03]} 23. Re2 {[%emt 0:01:34]} cxd4 {[%emt 0:00:21]} 24. cxd4 {[%emt 0:00:06]} b5 {[%emt 0:00:25]} 25. Ra1 {[%emt 0:01:28]} Qc4 {[%emt 0:00:17]} 26. Re3 {[%emt 0:00:04]} Rc7 {[%emt 0:00:26]} 27. Rc3 {[%emt 0:00:53]} Qxc3 {[%emt 0:00:33]} 28. Bxc3 {[%emt 0:00:00]} Rxc3 {[%emt 0:00:02]} 29. Rxa7 {[%emt 0:00:03]} Rc4 {[%emt 0:00:43]} 30. Rb7 {[%emt 0:02:24]} b4 {[%emt 0:00:04]} 31. g3 {[%emt 0:00:07]} Rc6 {[%emt 0:01:19]} 32. d5 {[%emt 0:01:44]} exd5 {[%emt 0:00:06]} 33. Qxb4 {[%emt 0:00:07]} Re6 {[%emt 0:00:42]} 34. f4 {[%emt 0:01:20]} Nf8 {[%emt 0:00:04]} 35. Qa5 {[%emt 0:00:05]} Rc8 {[%emt 0:00:04]} 36. Qxd5 {[%emt 0:00:07]} Rec6 {[%emt 0:00:14]} 37. Qxf7+ {[%emt 0:00:03]} 1-0

[Event "European Online Club-ch-A 2021"]
[Site "Online"]
[Date "2021.03.27"]
[Round "4.11"]
[White "Brozka, Karel"]
[Black "Wintzer, Joachim"]
[Result "0-1"]
[WhiteElo "2080"]
[BlackElo "2274"]
[Annotator "NA"]
[PlyCount "82"]
[EventDate "2021.03.27"]
[EventType "team-tourn"]
[EventCountry "NET"]
[SourceTitle "playchess.com"]
[Source "ChessBase"]
[SourceQuality "1"]
[TimeControl "900+5"]

1. d4 {[%emt 0:00:00]} e6 {[%emt 0:00:07]} 2. c4 {[%emt 0:00:08]} Nf6 {[%emt 0:00:05]} 3. Nc3 {[%emt 0:00:04]} Bb4 {[%emt 0:00:19]} 4. Bg5 {[%emt 0:00:06]} c5 {[%emt 0:00:16]} 5. d5 {[%emt 0:00:05]} exd5 {[%emt 0:00:08]} 6. cxd5 {[%emt 0:00:04]} d6 {[%emt 0:00:01]} 7. e3 {[%emt 0:00:25]} Nbd7 {[%emt 0:00:32]} 8. Bd3 {[%emt 0:00:16]} Qa5 {[%emt 0:00:48]} 9. Nge2 {[%emt 0:01:16]} Nxd5 {[%emt 0:00:29]} 10. O-O {[%emt 0:00:19]} Bxc3 {[%emt 0:00:17]} 11. Nxc3 {[%emt 0:00:09]} Nxc3 {[%emt 0:00:04]} 12. bxc3 {[%emt 0:00:04]} c4 {[%emt 0:00:03]} 13. Bxc4 {[%emt 0:00:52]} Qxg5 {[%emt 0:00:05]} 14. Qxd6 {[%emt 0:00:12]} Qe7 {[%emt 0:00:00]} 15. Qg3 {[%emt 0:00:35]} O-O {[%emt 0:00:04]} 16. Rfd1 {[%emt 0:00:03]} Nf6 {[%emt 0:00:06]} 17. Rd4 {[%emt 0:00:20]} Be6 {[%emt 0:00:20]} 18. Bxe6 {[%emt 0:00:36]} Qxe6 {[%emt 0:00:04]} 19. h4 {[%emt 0:00:03]} Rac8 {[%emt 0:00:04]} 20. Rb1 {[%emt 0:00:08]} b6 {[%emt 0:00:07]} 21. Rc1 {[%emt 0:00:17]} Ne4 {[%emt 0:00:21]} 22. Qf3 {[%emt 0:00:36]} Nxc3 {[%emt 0:00:10]} 23. Kh2 {[%emt 0:00:04]} Rc5 {[%emt 0:00:25]} 24. g4 {[%emt 0:00:37]} Nxa2 {[%emt 0:00:25]} 25. Rg1 {[%emt 0:00:10]} Rc4 {[%emt 0:00:10]} 26. Rd5 {[%emt 0:00:07]} Nc3 {[%emt 0:00:04]} 27. Rf5 {[%emt 0:00:04]} a5 {[%emt 0:00:21]} 28. h5 {[%emt 0:00:10]} g6 {[%emt 0:00:24]} 29. hxg6 {[%emt 0:00:08]} hxg6 {[%emt 0:00:03]} 30. Rf6 {[%emt 0:00:02]} Qe5+ {[%emt 0:00:02]} 31. Rg3 {[%emt 0:00:05]} Ne4 {[%emt 0:00:04]} 32. Rf4 {[%emt 0:00:10]} Nxg3 {[%emt 0:00:28]} 33. Rxc4 {[%emt 0:00:03]} Ne4+ {[%emt 0:00:06]} 34. Kg2 {[%emt 0:00:36]} Ng5 {[%emt 0:00:13]} 35. Qc6 {[%emt 0:00:11]} Qe6 {[%emt 0:00:22]} 36. Qb5 {[%emt 0:00:09]} Ne4 {[%emt 0:00:17]} 37. Rd4 {[%emt 0:00:32]} Qxg4+ {[%emt 0:00:23]} 38. Kf1 {[%emt 0:00:05]} Rc8 {[%emt 0:00:06]} 39. Qb2 {[%emt 0:00:04]} Qh3+ {[%emt 0:01:34]} 40. Ke2 {[%emt 0:00:20]} Ng3+ {[%emt 0:00:17]} 41. Kd2 {[%emt 0:00:31]} Qf1 {[%emt 0:00:16]} 0-1

[Event "European Online Club-ch-A 2021"]
[Site "Online"]
[Date "2021.03.27"]
[Round "4.12"]
[White "Noetzel, Felix"]
[Black "Smolik, Jachym"]
[Result "0-1"]
[WhiteElo "2263"]
[BlackElo "2073"]
[Annotator "NA"]
[PlyCount "82"]
[EventDate "2021.03.27"]
[EventType "team-tourn"]
[EventCountry "NET"]
[SourceTitle "playchess.com"]
[Source "ChessBase"]
[SourceQuality "1"]
[TimeControl "900+5"]

1. e4 {[%emt 0:00:00]} c6 {[%emt 0:00:03]} 2. d4 {[%emt 0:00:03]} d5 {[%emt 0:00:01]} 3. Nc3 {[%emt 0:00:02]} dxe4 {[%emt 0:00:03]} 4. Nxe4 {[%emt 0:00:02]} Nf6 {[%emt 0:00:01]} 5. Ng3 {[%emt 0:00:07]} g6 {[%emt 0:00:11]} 6. Nf3 {[%emt 0:00:29]} Bg7 {[%emt 0:00:05]} 7. c3 {[%emt 0:00:07]} O-O {[%emt 0:00:41]} 8. Bc4 {[%emt 0:00:22]} Nbd7 {[%emt 0:00:43]} 9. O-O {[%emt 0:00:06]} Qc7 {[%emt 0:00:48]} 10. Re1 {[%emt 0:00:09]} e6 {[%emt 0:00:05]} 11. Bd2 {[%emt 0:02:01]} a6 {[%emt 0:00:29]} 12. Qc1 {[%emt 0:00:10]} b5 {[%emt 0:00:21]} 13. Bb3 {[%emt 0:00:04]} c5 {[%emt 0:00:18]} 14. Bh6 {[%emt 0:00:21]} Bb7 {[%emt 0:00:40]} 15. Bxg7 {[%emt 0:01:41]} Kxg7 {[%emt 0:00:12]} 16. Ne5 {[%emt 0:00:45]} cxd4 {[%emt 0:00:35]} 17. cxd4 {[%emt 0:00:02]} Qxc1 {[%emt 0:00:12]} 18. Raxc1 {[%emt 0:00:00]} Rac8 {[%emt 0:00:10]} 19. f3 {[%emt 0:00:58]} Nb6 {[%emt 0:00:07]} 20. a3 {[%emt 0:02:17]} Rfd8 {[%emt 0:00:10]} 21. Rxc8 {[%emt 0:01:13]} Rxc8 {[%emt 0:00:06]} 22. Nxf7 {[%emt 0:00:34]} Kxf7 {[%emt 0:00:10]} 23. Bxe6+ {[%emt 0:00:10]} Kf8 {[%emt 0:00:16]} 24. Bxc8 {[%emt 0:00:05]} Bxc8 {[%emt 0:00:09]} 25. Ne4 {[%emt 0:00:12]} Nxe4 {[%emt 0:00:25]} 26. fxe4 {[%emt 0:00:08]} Nc4 {[%emt 0:01:00]} 27. Re2 {[%emt 0:01:28]} Bg4 {[%emt 0:00:12]} 28. Rc2 {[%emt 0:01:02]} Bd1 {[%emt 0:00:45]} 29. Rf2+ {[%emt 0:01:04]} Ke7 {[%emt 0:00:02]} 30. Kf1 {[%emt 0:01:10]} Bc2 {[%emt 0:01:57]} 31. e5 {[%emt 0:00:28]} Bf5 {[%emt 0:00:45]} 32. Ke2 {[%emt 0:00:10]} Nxb2 {[%emt 0:00:10]} 33. Kf3 {[%emt 0:00:09]} Nc4 {[%emt 0:00:05]} 34. Ra2 {[%emt 0:00:02]} a5 {[%emt 0:00:21]} 35. g4 {[%emt 0:00:01]} Bd3 {[%emt 0:00:34]} 36. Ra1 {[%emt 0:00:12]} Ke6 {[%emt 0:00:36]} 37. Rd1 {[%emt 0:00:04]} Bc2 {[%emt 0:00:05]} 38. Rc1 {[%emt 0:00:02]} Nxa3 {[%emt 0:00:16]} 39. Ke3 {[%emt 0:00:07]} b4 {[%emt 0:00:10]} 40. Kd2 {[%emt 0:00:02]} b3 {[%emt 0:00:06]} 41. Kc3 {[%emt 0:00:09]} Nb5+ {[%emt 0:00:02]} 0-1

[Event "European Online Club-ch-A 2021"]
[Site "Online"]
[Date "2021.03.27"]
[Round "4.13"]
[White "Rapport, Richard"]
[Black "Hera, Imre Jr."]
[Result "1-0"]
[WhiteElo "2763"]
[BlackElo "2610"]
[Annotator "TA"]
[PlyCount "65"]
[EventDate "2021.03.27"]
[EventType "team-tourn"]
[EventCountry "NET"]
[SourceTitle "playchess.com"]
[Source "ChessBase"]
[SourceQuality "1"]

{[%evp 10,65,7,-11,-9,-34,-43,-45,-35,-29,-22,-39,-33,-39,-52,-54,-39,-32,35,24,29,50,38,46,109,55,91,111,125,110,154,150,217,220,329,283,443,441,724,716,849,849,821,814,874,870,995,982,959,956,1006,936,1879,756,29991,29992,29992,29993]} 1. c4 c5 2. Nc3 Nc6 3. g3 g6 4. Bg2 Bg7 5. d3 e6 6. Bxc6 dxc6 {A36: Symmetrical English vs ...g6: 4 Bg2 Bg7.} 7. Qd2 $5 {[%mdl 4] Exploring less charted territory.} e5 8. b3 Ne7 {Black is slightly better.} 9. Bb2 b6 {[#]} 10. f4 $146 ({Predecessor:} 10. O-O-O Qc7 11. f4 Bb7 12. Ne4 Nf5 13. g4 Nd6 14. Nxd6+ Qxd6 15. fxe5 Bxe5 16. Qe3 {1-0 (53) Henrichs,T (2427)-Zaragatski,I (2303) Duisburg 2004}) 10... exf4 11. gxf4 Nf5 12. O-O-O Qe7 13. Ne4 f6 (13... O-O $15) 14. Nf3 $14 Bd7 15. h4 O-O-O 16. h5 Be6 {Black is on the road to losing.} (16... Nh6 $14) 17. Bc3 (17. Rdg1 $16) 17... Rhf8 18. hxg6 hxg6 {[#]} 19. Rdg1 $1 Qf7 20. Qb2 Kb8 (20... Nd4 $16 {was called for.}) 21. Rh7 $18 Qg8 {[#]} (21... Bc8 {is a better defense.} 22. Kb1 Ka8 23. Bxf6 Bxf6 24. Rxf7 Bxb2 25. Rxf8 Rxf8) 22. Rxg7 $1 {[%mdl 576] Remove Defender, Decoy} Nxg7 (22... Qxg7 $142 23. Bxf6 Rxf6) 23. Bxf6 {[%mdl 64] Double Attack} Rd7 (23... Rxf6 $142 24. Qxf6 Nh5) 24. Rxg6 Bf5 25. Qe5+ Ka8 26. Rxg7 Rxg7 27. Bxg7 Re8 28. Qxf5 Qxg7 29. Ne5 Qg1+ 30. Kb2 Qd4+ 31. Nc3 Qe3 32. Qd7 {[%mdl 64] Double Attack} Qd2+ 33. Kb1 {Weighted Error Value: White=0.11/Black=0.82} 1-0

[Event "European Online Club-ch-A 2021"]
[Site "Online"]
[Date "2021.03.27"]
[Round "4.14"]
[White "Nemeth, Miklos"]
[Black "Bacrot, Etienne"]
[Result "0-1"]
[WhiteElo "2488"]
[BlackElo "2678"]
[Annotator "TA"]
[PlyCount "126"]
[EventDate "2021.03.27"]
[EventType "team-tourn"]
[EventCountry "NET"]
[SourceTitle "playchess.com"]
[Source "ChessBase"]
[SourceQuality "1"]

{[%evp 15,126,36,47,0,21,0,17,-30,-12,-21,-22,-47,-36,-50,0,0,0,-1,0,0,0,-46,-44,-37,-32,-22,-25,-34,-27,-20,-7,-49,-49,-48,-7,-48,-60,-47,-29,-34,0,0,0,-5,3,-13,0,-39,-37,-81,-76,-113,-90,-95,-107,-100,-110,-119,-80,-80,-79,-79,-78,-79,-79,-170,-153,-161,-147,-187,-187,-213,-212,-229,-226,-218,-227,-245,-236,-245,-240,-317,-310,-391,-383,-555,-530,-857,-812,-929,-885,-29976,-29977,-29977,-29979,-29983,-29984,-29986,-29987,-29991,-29984,-29984,-29985,-29985,-29986,-29987,-29988,-29992,-29993,-29993,-29990,-29993,-29994]} 1. e4 c5 2. Nf3 Nc6 3. d4 cxd4 4. Nxd4 Nf6 5. Nc3 d6 6. Bg5 e6 7. Qd2 a6 8. O-O-O Bd7 $1 {8...Bd7 scores better than 8...h6.} 9. g3 {B67: Sicilian: Richter-Rauzer: 7...a6 8 0-0-0 Bd7, lines without 9 f4 Be7.} Be7 10. Bg2 Ne5 {[#]} 11. Nb3 $146 {The position is equal.} ({Predecessor:} 11. f4 Nc4 12. Qd3 Qc7 13. f5 Ng4 14. Bxe7 Kxe7 15. Qf3 Nf6 16. fxe6 Bxe6 17. Nxe6 fxe6 {0-1 (53) Gyebnar,A (1924)-Steiger,B (2211) Hungary 2007}) 11... Rc8 12. f4 Nc4 13. Qd4 h6 {aiming for ...e5.} 14. Bh4 $1 Qc7 (14... e5 $5 {[%cal Re5d4]} 15. Qg1 O-O $15) 15. Rhe1 b5 {And now ...b4 would win.} 16. e5 dxe5 17. fxe5 Nxe5 18. Qxe5 Qxe5 19. Rxe5 {Black must now prevent Bxf6.} g5 20. Bb7 {[%mdl 64] Double Attack} Rb8 21. Bxa6 b4 22. Ne4 gxh4 23. Nxf6+ Bxf6 24. Rc5 Ba4 25. Rc7 hxg3 26. hxg3 Bxb3 27. axb3 Be5 28. Ra7 Bxg3 29. Rf1 $1 {[%cal Rf1f7]} Rf8 30. Bd3 Bh4 31. Kd1 Be7 32. Ke2 Rg8 33. Be4 f5 34. Bf3 Kf7 35. Rd1 {White wants to play Rdd7.} Kf6 36. Rdd7 Rg7 37. Ra6 Bf8 38. Rxg7 Bxg7 $17 {[%mdl 4096] Endgame KRB-KRB} 39. Bd5 Re8 40. c4 (40. c3 $17) 40... Kf7 41. Bf3 {[#] Bh5+ is the strong threat.} Rc8 $1 42. Rb6 {[#]} Bf8 $1 ({Don't take} 42... Bxb2 43. Rxb4 Kf6 44. Rb6 $17) 43. Bh5+ Kf6 44. Bf3 Bc5 45. Ra6 Ke5 46. Bh5 Rc7 47. Kf3 Bd4 48. Ra5+ Kf6 49. Rb5 Bc5 50. Ke2 (50. Kg3 $142) 50... e5 $19 51. Ra5 e4 52. Ra6+ Kg5 53. Be8 f4 {Black mates.} 54. Rg6+ Kf5 55. Rxh6 f3+ 56. Ke1 Rg7 57. Rh5+ Rg5 58. Bd7+ Kf4 59. Rxg5 Kxg5 60. Bc6 Kf4 61. Bd5 e3 62. Bc6 Bd4 63. Bd5 Bxb2 {Weighted Error Value: White=0.34/Black=0.06} 0-1

[Event "European Online Club-ch-A 2021"]
[Site "Online"]
[Date "2021.03.27"]
[Round "4.15"]
[White "Shirov, Alexei"]
[Black "Kovacs, Gabor"]
[Result "1-0"]
[WhiteElo "2662"]
[BlackElo "2455"]
[Annotator "TA"]
[PlyCount "47"]
[EventDate "2021.03.27"]
[EventType "team-tourn"]
[EventCountry "NET"]
[SourceTitle "playchess.com"]
[Source "ChessBase"]
[SourceQuality "1"]

{[%evp 13,47,14,6,-12,-16,-22,0,0,0,0,0,-14,42,54,53,50,58,55,51,54,53,57,104,100,181,179,173,188,177,176,208,204,222,152,504,454]} 1. d4 d5 2. c4 e6 3. Nc3 Be7 4. Nf3 Nf6 5. Bf4 O-O 6. e3 Nbd7 7. Qc2 c5 8. O-O-O {D37: Queen's Gambit Declined: 5 Bf4.} Qa5 9. Kb1 {[#]} dxc4 $146 ({Predecessor:} 9... Nb6 10. Ng5 h6 11. h4 Bd7 12. Be5 Rfc8 13. cxd5 Nbxd5 14. Nxd5 exd5 15. Bxf6 Bxf6 {0-1 (30) Williams,S (2453)-Sargissian,G (2672) London 2017}) 10. Bxc4 {The position is equal.} Nb6 11. Be2 Bd7 12. Ne5 Rfc8 (12... cxd4 $11 13. Rxd4 (13. Nxd7 Nfxd7 14. exd4 Rac8 $15) 13... Rac8) 13. d5 exd5 14. Nxd7 Nbxd7 15. Nxd5 Nxd5 16. Rxd5 Nf6 17. Rdd1 Rd8 18. Bf3 Qb4 {[#]} (18... Qa6 $16) 19. Qb3 $1 $18 Qxb3 20. axb3 Rxd1+ 21. Rxd1 ({Worse is} 21. Bxd1 Ne4 $11) 21... Re8 22. Bxb7 Ng4 23. Bc6 Nxf2 $2 {[#]} (23... Rd8 $16 {is tougher.} 24. Rxd8+ Bxd8) 24. Rd2 {Black did not feel at home in the position after the opening.  Weighted Error Value: White=0.10/Black=0.44} 1-0

[Event "European Online Club-ch-A 2021"]
[Site "Online"]
[Date "2021.03.27"]
[Round "4.16"]
[White "Csonka, Attila Istvan"]
[Black "Naiditsch, Arkadij"]
[Result "0-1"]
[WhiteElo "2362"]
[BlackElo "2649"]
[Annotator "TA"]
[PlyCount "96"]
[EventDate "2021.03.27"]
[EventType "team-tourn"]
[EventCountry "NET"]
[SourceTitle "playchess.com"]
[Source "ChessBase"]
[SourceQuality "1"]

{[%evp 16,96,45,32,41,12,41,0,10,0,0,0,0,-26,0,0,0,0,9,-18,0,-155,-144,-186,-181,-189,-196,-196,-186,-202,-203,-221,-227,-226,-202,-204,-196,-238,-211,-217,-193,-197,-148,-190,-173,-214,-145,-132,-135,-228,-223,-200,-207,-208,-130,-116,-110,-163,-88,-266,-252,-261,-234,-218,-195,-199,-194,-338,-327,-333,-337,-341,-334,-381,-375,-730,-737,-720,-817,-892,-830,-780,-735]} 1. e4 c5 2. Nf3 Nc6 3. d4 cxd4 4. Nxd4 Qb6 5. Nb3 Nf6 6. Nc3 e6 7. Be3 Qc7 8. Bd3 a6 9. O-O b5 {B33: Sicilian: Pelikan and Sveshnikov Variations.} 10. a3 Ne5 11. h3 Bb7 {The position is equal.} 12. f4 Nc4 13. Bxc4 bxc4 14. Nd2 {[#]} Be7 $146 ({Predecessor:} 14... Bc5 15. Qe2 O-O 16. Qf2 Bxe3 17. Qxe3 Rab8 18. b4 cxb3 19. cxb3 Bc6 20. b4 Rfd8 {0-1 (52) Neukirch,D-Rajkovic,D Oerebro 1966}) 15. Qe2 Rc8 16. Bd4 O-O 17. Kh1 d6 18. Nf3 $2 (18. Rad1 $11) 18... Nh5 $17 {aiming for ...Ng3+.} 19. Qe3 Ng3+ {[%mdl 64] [#] Double Attack} 20. Kg1 Nxf1 21. Rxf1 Qd7 22. Rd1 f6 23. f5 exf5 24. exf5 Rfe8 25. Qf4 Bf8 26. Nh2 Qf7 27. Ng4 h5 28. Nh2 g5 29. fxg6 Qxg6 $40 {[%csl Gb7][%cal Rg6g2][%mdl 192] Double Attack. Black attacks with force.} 30. Nf3 Re6 31. Nh4 Qg5 32. Rf1 (32. Qf2 $17) 32... Qxf4 $19 33. Rxf4 Bh6 34. Rf2 Rf8 35. Nf5 Kh7 36. Ne2 (36. Nxh6 $17 Kxh6 37. Ne2) 36... Be4 (36... Bg5 $19 37. Bc3 Be4) 37. Neg3 $2 {Loses the game.} (37. Nxh6 $17 Kxh6 38. Nf4) 37... Bxf5 38. Nxf5 Re1+ 39. Kh2 Re4 40. g3 Bc1 41. c3 (41. Kg2 $142) 41... d5 42. Rc2 Re1 43. Bf2 Rd1 44. Kg2 Rb8 45. Re2 (45. Ne3 Bxe3 46. Bxe3) 45... Rxb2 {Black is clearly winning.} 46. Re7+ {[#]} Kg8 $1 47. Kf3 Rd3+ {[%mdl 64] Double Attack} 48. Be3 Bxe3 {[%csl Ge3][%cal Rb2f2] Weighted Error Value: White=0.40/Black=0.13} 0-1